| 000 | 01139nam a22002057a 4500 | ||
|---|---|---|---|
| 008 | 111209t xxu||||| |||| 00| 0 eng d | ||
| 020 | _a063117947x | ||
| 050 | _aHB172.5.A79 | ||
| 100 | _aAttfield, C.L.F. | ||
| 245 |
_aRational expectation in macroeconomics: an introduction to theory and evidence / _cC.L.F. Attfield, D. Demery and N.W. Duck |
||
| 250 | _a2nd ed. | ||
| 260 |
_aCambridge: _bBlackwell |
||
| 300 |
_ax,243 p.: _bill. _c23cm. |
||
| 500 | _aIncludes bibliographical references and index. | ||
| 505 | _aContents: Expectations in the macroeconomics -- The Theory of rational expectations -- Testing the rational expectations hypothesis -- Rational expectations and a flexible-price macroeconomic model -- Criticisms of the flexible-price rational expectations model -- Rational expectations and macroeconomics: Two influential empirical studies -- Criticism and reappraisal of the Lucas and Barro models -- Real business cycle theory -- Rational expectations and the permanent-income hypothesis -- Summary and conclusions. | ||
| 650 | _aMacroeconomic | ||
| 700 | _aDemery, D. | ||
| 700 | _aDuck, N.W. | ||
| 942 |
_2lcc _cBK |
||
| 999 |
_c348 _d7848 |
||